000 00501nam a2200181Ia 4500
003 GCL
008 140319s9999 xx 000 0 ara d
040 _aGCL /
_cGCL
082 0 4 _a415.1
_bع د
100 1 _aعبده الراجحى
245 1 0 _aدروس فى كتب النحو /
_cعبده الراجحى
260 _a[S.N] :
_bدار النهضة العربية ،
_c1975
300 _a315 ص
490 _a
650 0 4 _aالنحو
650 0 4 _aاللغة العربية
942 _2ddc
_cBK
999 _c37514
_d37514